000 00701nam a22001817a 4500
003 UA-OsUOA
001 15039
007 ta
008 20031028b un ||||| |||| 00| 0 ukr d
100 _aДонська Л.
942 _cSA
040 _aUA-OsUOA
_cUA-OsUOA
_dUA-OsUOA
245 _aОксамитовий передзвін : [У Рівному пройшов І-й обл. фестиваль-конкурс мистецтв людей з інвалідністю "Оксамитовий передзвін- 2003"]
300 _aС.4
955 _a0
773 0 _w0
_tВісті Рівненщини
_dРівне
_d2003
_g№66/13 серп./
650 7 _aКраєзнавча робота
_2UDC
999 _c301204
_d301204